[Event "SK Germania Kupferdreh 1 - SK Sodingen/"]
[Site "Verbandsklasse, Gruppe 2 2017"]
[Date "2018.01.14"]
[Round "5.8"]
[White "Bauriedel, Friedrich"]
[Black "Behnicke, Eckhard"]
[Result "1-0"]
[WhiteElo "1819"]
[BlackElo "1703"]
[PlyCount "57"]
[EventDate "2018.??.??"]

1. c4 Nf6 2. Nc3 e6 3. e4 d5 4. cxd5 exd5 5. e5 Ng4 6. d4 Nh6 7. Bxh6 gxh6 8.
f4 c6 9. Bd3 Qb6 10. Nge2 Bg4 11. O-O Na6 12. h3 Bxe2 13. Bxe2 O-O-O 14. Na4
Qa5 15. a3 c5 16. b4 cxb4 17. axb4 Qxb4 18. Bxa6 bxa6 19. Qg4+ Rd7 20. Rfc1+
Kd8 21. f5 h5 22. Qf4 Rb7 23. Nc5 Bxc5 24. Rxc5 Rg8 25. Rac1 Rb8 26. e6 Ke7 27.
Rc7+ Kd8 28. exf7 Rg7 29. Qh4+ 1-0

[Event "Hervest-Dorstener SK 1 - SF Brackel 3"]
[Site "Verbandsklasse, Gruppe 3 2017"]
[Date "2018.01.14"]
[Round "5.1"]
[White "Stemmler, Fabian"]
[Black "Doering, Carsten"]
[Result "1-0"]
[WhiteElo "1993"]
[BlackElo "1961"]
[PlyCount "63"]
[EventDate "2018.??.??"]

1. d4 Nf6 2. Bg5 g6 3. Bxf6 exf6 4. e3 Bg7 5. g3 d5 6. Bg2 c6 7. Ne2 O-O 8. O-O
Na6 9. Nd2 Nc7 10. c4 Be6 11. Nf4 Qd7 12. Rc1 dxc4 13. Nxe6 fxe6 14. Rxc4 Kh8
15. Ne4 Rab8 16. Nc5 Qe7 17. b4 Rfd8 18. Qb3 f5 19. a4 e5 20. dxe5 Qxe5 21. Rd1
Qe7 22. Rcc1 b6 23. Rxd8+ Rxd8 24. Nb7 Rd2 25. Rxc6 Qd7 26. Qc4 Be5 27. Bf3 Rb2
28. Nd6 Rb1+ 29. Kg2 Bxd6 30. Qd4+ Kg8 31. Rxd6 Qxa4 32. Qc4+ 1-0

[Event "Hervest-Dorstener SK 1 - SF Brackel 3"]
[Site "Verbandsklasse, Gruppe 3 2017"]
[Date "2018.01.14"]
[Round "5.2"]
[White "Hermanowski, Mark"]
[Black "Knudsen, Simon"]
[Result "0-1"]
[WhiteElo "1838"]
[BlackElo "2061"]
[PlyCount "96"]
[EventDate "2018.??.??"]

1. e4 g6 2. f4 c6 3. Nf3 d5 4. e5 Bg4 5. Be2 h5 6. O-O e6 7. Qe1 Nh6 8. Nc3 a6
9. Bd1 Nf5 10. Ne2 Be7 11. Ng3 Qb6+ 12. Kh1 Bxf3 13. Rxf3 Nh6 14. Nf1 c5 15. c3
Nc6 16. Bc2 Rc8 17. Rh3 Qc7 18. Ne3 b5 19. Qg3 Rd8 20. a4 b4 21. c4 Nd4 22.
cxd5 exd5 23. Bd1 Qc6 24. a5 Kf8 25. b3 Qe6 26. Bb2 Ndf5 27. Qf3 Kg7 28. Bc2
Nxe3 29. dxe3 d4 30. e4 Rd7 31. Qg3 h4 32. Qd3 Ng4 33. Rf1 Ne3 34. Rxe3 dxe3
35. Qxe3 Rd4 36. Bxd4 cxd4 37. Qxd4 Rd8 38. Qa1 h3 39. Bd1 hxg2+ 40. Kxg2 Bc5
41. f5 Rd2+ 42. Kg3 gxf5 43. exf5 Qh6 44. h3 Bd4 45. f6+ Kh8 46. Qa4 Bxe5+ 47.
Kg4 Qg6+ 48. Kf3 Qf5+ 0-1

[Event "Hervest-Dorstener SK 1 - SF Brackel 3"]
[Site "Verbandsklasse, Gruppe 3 2017"]
[Date "2018.01.14"]
[Round "5.3"]
[White "Gerlach, Felix"]
[Black "Tig, Achmet"]
[Result "1/2-1/2"]
[WhiteElo "1946"]
[BlackElo "1916"]
[PlyCount "60"]
[EventDate "2018.??.??"]

1. e4 c5 2. Nf3 d6 3. d4 cxd4 4. Nxd4 Nf6 5. Nc3 g6 6. Be3 Bg7 7. Qd2 O-O 8. f3
Nc6 9. Bc4 Bd7 10. O-O-O Ne5 11. Bb3 Qa5 12. Kb1 Rfc8 13. Nde2 Nc4 14. Bxc4
Rxc4 15. b3 Rcc8 16. Nd5 Qxd2 17. Rxd2 Nxd5 18. exd5 b5 19. Re1 a5 20. Bd4 a4
21. Bxg7 Kxg7 22. Ng3 Kf8 23. h4 h5 24. Rde2 Re8 25. Ne4 Rac8 26. Kb2 f5 27.
Ng5 Rc5 28. Nh7+ Kf7 29. Ng5+ Kf6 30. Nh7+ Kf7 1/2-1/2

[Event "Hervest-Dorstener SK 1 - SF Brackel 3"]
[Site "Verbandsklasse, Gruppe 3 2017"]
[Date "2018.01.14"]
[Round "5.4"]
[White "Nowok, Frank"]
[Black "Garbuz, Vitaliy"]
[Result "1/2-1/2"]
[WhiteElo "1865"]
[BlackElo "1979"]
[Annotator "Daniel"]
[PlyCount "88"]
[EventDate "2018.??.??"]

1. e4 e5 2. Nf3 Nc6 3. Bc4 Nf6 4. d3 Bc5 5. c3 d6 6. Bb3 O-O 7. h3 a6 8. Bg5 h6
9. Bh4 g5 10. Nxg5 hxg5 11. Bxg5 d5 12. Qf3 Be7 13. Bh6 Kh8 14. Bxf8 Qxf8 15.
Bxd5 Nd8 16. Nd2 c6 17. Bb3 b5 18. Bc2 Ne6 19. a3 Qh6 20. Nf1 Nf4 21. Ne3 Bc5
22. O-O-O Be6 23. Rd2 Rg8 $11 24. g3 N4h5 25. d4 Bd6 26. Kb1 exd4 27. cxd4 Bxg3
28. Rdd1 Bf4 29. Rhg1 Bxe3 30. Rxg8+ Kxg8 31. fxe3 Ng7 32. Rf1 Ngh5 33. Rg1+
Kf8 34. Bd1 Ng7 $11 35. Rf1 Ke7 36. Rg1 Nge8 37. e5 Nd5 38. e4 Nf4 39. Rf1 Ng6
40. Qc3 Qxh3 41. Qb4+ Kd8 42. Rg1 Qh2 43. Qe1 Nc7 44. Bg4 Qh4 1/2-1/2

[Event "Hervest-Dorstener SK 1 - SF Brackel 3"]
[Site "Verbandsklasse, Gruppe 3 2017"]
[Date "2018.01.14"]
[Round "5.5"]
[White "Elier, Ali"]
[Black "Hater, Norbert"]
[Result "1-0"]
[WhiteElo "1916"]
[BlackElo "1879"]
[Annotator "Daniel"]
[PlyCount "81"]
[EventDate "2018.??.??"]

1. e4 d5 2. exd5 Qxd5 3. Nc3 Qd6 4. d4 Nf6 5. Nf3 Bf5 6. g3 e6 7. Bg2 c6 8. O-O
Be7 9. a3 O-O 10. Bf4 Qd8 11. Re1 Nbd7 12. Qe2 Nb6 13. Rad1 Nfd5 14. Nxd5 cxd5
15. Ne5 Rc8 16. Rc1 Bd6 17. g4 Bxe5 18. dxe5 Bg6 19. Bd2 $11 Qd7 20. Bb4 Rfd8
21. f4 Rc4 22. Qf2 Rdc8 23. Re2 h5 24. b3 R4c6 25. h3 hxg4 26. hxg4 f6 27. c4
fxe5 28. Rxe5 dxc4 29. Bxc6 Rxc6 30. f5 exf5 31. gxf5 Rf6 32. Re7 Qc6 33. Bc3
Rxf5 34. Rxg7+ Kf8 35. Qh4 Qc5+ 36. Bd4 Rg5+ 37. Kf1 Rf5+ 38. Ke1 Re5+ 39. Kd2
Kxg7 40. Bxc5 c3+ 41. Rxc3 1-0

[Event "Hervest-Dorstener SK 1 - SF Brackel 3"]
[Site "Verbandsklasse, Gruppe 3 2017"]
[Date "2018.01.14"]
[Round "5.6"]
[White "Heiming, Thomas"]
[Black "Seref, Erdogan"]
[Result "1-0"]
[WhiteElo "1813"]
[BlackElo "1828"]
[PlyCount "65"]
[EventDate "2018.??.??"]

1. e4 e5 2. Nf3 Nc6 3. Bc4 Bc5 4. c3 Nf6 5. O-O Nxe4 6. Bd5 Nf6 7. Bxc6 dxc6 8.
Nxe5 O-O 9. d4 Be7 10. Be3 Bf5 11. Nd2 Nd7 12. Ndf3 Nxe5 13. Nxe5 f6 14. Qb3+
Qd5 15. c4 Qe6 16. Nf3 Bg4 17. Nd2 f5 18. f3 Bh5 19. Rae1 Qd7 20. Rd1 Bf7 21.
Qc2 Bf6 22. Nb3 b6 23. Bf2 Rad8 24. Nc1 Rfe8 25. b3 Re7 26. Nd3 Bxd4 27. Ne5
Rxe5 28. Bxd4 Ree8 29. Bf6 Qxd1 30. Rxd1 Rxd1+ 31. Qxd1 gxf6 32. Qd7 Kg7 33.
Qxc7 1-0

[Event "Hervest-Dorstener SK 1 - SF Brackel 3"]
[Site "Verbandsklasse, Gruppe 3 2017"]
[Date "2018.01.14"]
[Round "5.7"]
[White "Kracht, Raphael"]
[Black "Kudsin, Alexander"]
[Result "1/2-1/2"]
[WhiteElo "1913"]
[BlackElo "1812"]
[Annotator "Daniel"]
[PlyCount "103"]
[EventDate "2018.??.??"]

1. e4 e6 2. d4 b6 3. Bd3 Bb7 4. Nf3 Nf6 5. Qe2 c5 6. c3 d6 7. O-O Be7 8. Rd1
Qc7 9. Bf4 Nbd7 10. Nbd2 O-O 11. e5 Nh5 $11 12. Bg5 Rae8 13. Bxe7 Rxe7 14. Ng5
g6 15. exd6 Qxd6 16. g3 cxd4 17. Nc4 Qd5 18. Ne4 f5 19. f3 Ba8 20. Ned2 dxc3
21. bxc3 Qc5+ 22. Kf1 Qc7 23. Na3 Qxc3 24. Ndc4 Qf6 25. Nb5 Nc5 26. Ne5 Bd5 27.
Bc4 Bxc4 28. Nxc4 Ng7 29. Ne5 Ne8 30. Nc6 Rd7 31. Rxd7 Nxd7 32. Rd1 Rf7 33.
Nbxa7 Nc7 34. Nc8 e5 35. Nd6 Rg7 36. Qc4+ Qe6 37. Ne7+ Rxe7 38. Qxc7 e4 39.
Qd8+ Kg7 40. Ne8+ Kh6 41. Qc7 Ne5 42. Qc1+ Kh5 43. Rd6 Qc4+ 44. Qxc4 Nxc4 45.
Nf6+ Kh6 46. Rc6 Kg7 47. Nd5 Re5 48. Rxc4 Rxd5 49. fxe4 Rd2 50. exf5 Rxh2 51.
fxg6 hxg6 52. Rb4 1/2-1/2

[Event "Hervest-Dorstener SK 1 - SF Brackel 3"]
[Site "Verbandsklasse, Gruppe 3 2017"]
[Date "2018.01.14"]
[Round "5.8"]
[White "Schmidt, Christian"]
[Black "Birnkraut, Tim"]
[Result "0-1"]
[WhiteElo "1725"]
[BlackElo "1892"]
[PlyCount "74"]
[EventDate "2018.??.??"]

1. Nf3 d5 2. c4 c6 3. g3 Nf6 4. b3 h6 5. Bg2 Bf5 6. Bb2 e6 7. O-O Bd6 8. d3 O-O
9. Nbd2 Bc7 10. Rc1 Bh7 11. Rc2 Nbd7 12. Qa1 Re8 13. Ne5 Nxe5 14. Bxe5 Bxe5 15.
Qxe5 Nd7 16. Qd6 Nf6 17. Qe5 Nd7 18. Qd6 Qe7 19. Qxe7 Rxe7 20. Nf3 Rd8 21. b4
Nb6 22. Nd2 dxc4 23. Nxc4 Rd4 24. Nxb6 axb6 25. a3 b5 26. Rc3 Re8 27. Ra1 Ra8
28. Kf1 Rxb4 29. Ke1 Rba4 30. Kd2 b4 31. Rxc6 bxc6 32. Bxc6 Rxa3 33. Rb1 Rb8
34. Rb2 b3 35. Bf3 Ra2 36. Kc3 Rxb2 37. Kxb2 f6 0-1

[Event "SG Winz-Baak 1 - SC Rochade Rüttenschei"]
[Site "Verbandsklasse, Gruppe 3 2017"]
[Date "2018.01.14"]
[Round "5.1"]
[White "Dergatschova, Anna"]
[Black "Schwake, Peter"]
[Result "1-0"]
[WhiteElo "2114"]
[BlackElo "1883"]
[PlyCount "61"]
[EventDate "2018.??.??"]

1. e4 e5 2. Nf3 Nf6 3. d4 Nxe4 4. dxe5 d5 5. Bd3 Nc5 6. Be2 Be7 7. O-O O-O 8.
Nc3 c6 9. Be3 Bf5 10. Nd4 Bg6 11. f4 Be4 12. b4 Ne6 13. Nxe6 fxe6 14. Nxe4 dxe4
15. a3 Na6 16. Bxa6 bxa6 17. Qe2 Qc7 18. Qc4 Kh8 19. Qxe6 c5 20. c3 c4 21. Rad1
Rfd8 22. f5 Rd3 23. f6 Bf8 24. Bd4 e3 25. Rde1 Rd8 26. fxg7+ Qxg7 27. Qxc4 Rd2
28. Re2 Qg4 29. Rxd2 exd2 30. Rxf8+ Rxf8 31. e6+ 1-0

[Event "SG Winz-Baak 1 - SC Rochade Rüttenschei"]
[Site "Verbandsklasse, Gruppe 3 2017"]
[Date "2018.01.14"]
[Round "5.4"]
[White "Kraus, Torsten"]
[Black "Dorgarten, Armin"]
[Result "1/2-1/2"]
[WhiteElo "1756"]
[BlackElo "1928"]
[PlyCount "51"]
[EventDate "2018.??.??"]

1. d4 g6 2. c4 Bg7 3. Nc3 d5 4. cxd5 Nf6 5. e4 c6 6. dxc6 Nxc6 7. d5 Ne5 8. f4
Neg4 9. h3 Nh6 10. g4 Qa5 11. Bd2 Qb6 12. Be2 Qxb2 13. Rb1 Qa3 14. Nb5 Qg3+ 15.
Kf1 Nxe4 16. Qe1 O-O 17. Bf3 Nxd2+ 18. Qxd2 Bd7 19. Nd4 Bxd4 20. Qxd4 a6 21.
Rb3 Bb5+ 22. Ne2 Qh4 23. Kg2 Rac8 24. Rc3 Bxe2 25. Bxe2 Rxc3 26. Qxc3 1/2-1/2

[Event "SG Winz-Baak 1 - SC Rochade Rüttenschei"]
[Site "Verbandsklasse, Gruppe 3 2017"]
[Date "2018.01.14"]
[Round "5.5"]
[White "Koprek, Juergen"]
[Black "Groß, Michael"]
[Result "1/2-1/2"]
[WhiteElo "1856"]
[BlackElo "1698"]
[Annotator "Daniel"]
[PlyCount "46"]
[EventDate "2018.??.??"]

1. d4 f5 2. g3 Nf6 3. Bg2 d5 4. Nh3 e6 5. O-O Be7 6. c4 O-O 7. b3 Qe8 8. cxd5
exd5 9. Ba3 c6 10. Bxe7 Qxe7 11. e3 Nbd7 12. Nc3 Ne4 13. Rc1 Ndf6 14. Nf4 Nxc3
15. Rxc3 Ne4 16. Rc2 Bd7 17. Qe2 Rae8 $11 18. Rb1 Nd6 19. Nd3 Nb5 20. Re1 a6
21. a4 Nd6 22. Nc5 Bc8 23. f4 Ne4 1/2-1/2

[Event "SG Winz-Baak 1 - SC Rochade Rüttenschei"]
[Site "Verbandsklasse, Gruppe 3 2017"]
[Date "2018.01.14"]
[Round "5.6"]
[White "Wesener, Rainer"]
[Black "Storp, Thomas"]
[Result "0-1"]
[WhiteElo "1686"]
[BlackElo "1820"]
[PlyCount "122"]
[EventDate "2018.??.??"]

1. d4 d5 2. Bf4 e6 3. Nf3 Nf6 4. e3 Be7 5. h3 O-O 6. Nbd2 c5 7. c3 c4 8. Be2
Nc6 9. O-O Bd7 10. b3 b5 11. a4 a6 12. axb5 axb5 13. Qc2 Qb6 14. Ne5 Ra7 15.
Qb2 Rfa8 16. Rxa7 Qxa7 17. Nxc6 Bxc6 18. b4 Nd7 19. Rb1 Qa2 20. Bc7 Qxb2 21.
Rxb2 Ra1+ 22. Nb1 f6 23. f4 Kf7 24. Kf2 Ke8 25. Ke1 Ra7 26. Ba5 Bd6 27. Bg4 Kf7
28. Kd2 g6 29. Kc2 Ra8 30. Nd2 h5 31. Bd1 e5 32. fxe5 fxe5 33. Nf3 Kf6 34. Kb1
e4 35. Ng1 Bg3 36. Kc1 Nf8 37. Ne2 Bf2 38. Kd2 g5 39. Nc1 h4 40. Bg4 Bd7 41.
Bh5 Ne6 42. Bg4 Kg6 43. Ke2 Rf8 44. Ra2 Bg1 45. Kd2 Rf2+ 46. Ne2 Nf8 47. Bxd7
Nxd7 48. Bd8 Rxg2 49. Ra6+ Kf7 50. Rd6 Ke8 51. Ba5 g4 52. hxg4 h3 53. Rxd5 h2
54. Rh5 Rxg4 55. Bc7 Rg2 56. Ke1 Nf6 57. Rh3 Ng4 58. Bf4 Bxe3 59. Bxe3 Nxe3 60.
Kd2 Ng4 61. d5 e3+ 0-1

[Event "SG Winz-Baak 1 - SC Rochade Rüttenschei"]
[Site "Verbandsklasse, Gruppe 3 2017"]
[Date "2018.01.14"]
[Round "5.7"]
[White "Bruckmann, Jochen"]
[Black "Franke, Wolfgang"]
[Result "1/2-1/2"]
[WhiteElo "1787"]
[BlackElo "1784"]
[PlyCount "42"]
[EventDate "2018.??.??"]

1. Nf3 e5 2. Nxe5 d5 3. d4 Bd6 4. Nf3 Bg4 5. Nbd2 f5 6. e3 Nf6 7. Be2 Qe7 8. h3
Bxf3 9. Nxf3 Nbd7 10. O-O Ne4 11. c4 dxc4 12. Bxc4 O-O-O 13. Qb3 g5 14. Be6 g4
15. hxg4 fxg4 16. Bxg4 h5 17. Bh3 Rh6 18. Bd2 Rf8 19. Qd1 Rhf6 20. Ne5 Bxe5 21.
dxe5 Rxf2 1/2-1/2

[Event "SG Winz-Baak 1 - SC Rochade Rüttenschei"]
[Site "Verbandsklasse, Gruppe 3 2017"]
[Date "2018.01.14"]
[Round "5.8"]
[White "Haupt, Horst-Peter"]
[Black "Furchtbar, Uwe"]
[Result "0-1"]
[WhiteElo "1656"]
[BlackElo "1788"]
[PlyCount "66"]
[EventDate "2018.??.??"]

1. e4 e5 2. Bc4 Nf6 3. d3 Bc5 4. Nf3 Nc6 5. c3 a6 6. Bg5 h6 7. Bh4 d6 8. b4 Ba7
9. Nbd2 Qe7 10. a4 Nd8 11. Ng1 Ne6 12. Ne2 g5 13. Bg3 Nf4 14. Bxf4 gxf4 15. h3
Be6 16. Bxe6 fxe6 17. Nf3 Rg8 18. Kf1 O-O-O 19. c4 d5 20. cxd5 exd5 21. Qc2
dxe4 22. dxe4 Qxb4 23. Nxe5 Qxe4 24. Qxe4 Nxe4 25. Nf7 Nxf2 26. Nxd8 Nxh1 27.
Nf7 Ng3+ 28. Nxg3 fxg3 29. Nxh6 Rf8+ 30. Ke2 Rf2+ 31. Kd3 Rxg2 32. Ng4 Rb2 33.
Kc3 g2 0-1

[Event "SC Lünen Horstmar 1 - SC Listiger Bauer"]
[Site "Verbandsklasse, Gruppe 3 2017"]
[Date "2018.01.14"]
[Round "5.1"]
[White "Klups, Christoph"]
[Black "Bauch, Olaf"]
[Result "0-1"]
[WhiteElo "1980"]
[BlackElo "1900"]
[PlyCount "55"]
[EventDate "2018.??.??"]

1. e4 c5 2. Nf3 Nc6 3. d4 cxd4 4. Nxd4 Nf6 5. Nc3 e5 6. Ndb5 d6 7. a4 a6 8. Na3
Be6 9. Bc4 Be7 10. O-O O-O 11. Re1 Nb4 12. Nd5 Nbxd5 13. exd5 Bf5 14. Bb3 Nd7
15. Nc4 Nc5 16. Be3 b5 17. axb5 axb5 18. Rxa8 Qxa8 19. Bxc5 bxc4 20. Bxc4 Qc8
21. Bxd6 Bxd6 22. Bd3 Bd7 23. c4 f5 24. f3 Qd8 25. Qb1 Qh4 26. g3 Qd4+ 27. Kh1
g6 28. b4 0-1

[Event "SC Lünen Horstmar 1 - SC Listiger Bauer"]
[Site "Verbandsklasse, Gruppe 3 2017"]
[Date "2018.01.14"]
[Round "5.2"]
[White "Seref, Serkan"]
[Black "Kunisch, Siegfried"]
[Result "1/2-1/2"]
[WhiteElo "1801"]
[BlackElo "1967"]
[Annotator "Daniel"]
[PlyCount "29"]
[EventDate "2018.??.??"]

1. e4 e5 2. f4 Qf6 3. Nf3 Qxf4 4. Nc3 Bb4 5. Bc4 Bxc3 6. O-O f6 7. bxc3 Nc6 8.
Bb3 d6 9. d3 Qg4 10. Qe1 Nge7 11. d4 Bd7 12. h3 Qh5 13. Qf2 $11 Ng6 14. Kh2 Na5
15. Ba4 1/2-1/2

[Event "SC Lünen Horstmar 1 - SC Listiger Bauer"]
[Site "Verbandsklasse, Gruppe 3 2017"]
[Date "2018.01.14"]
[Round "5.3"]
[White "Wagner, Ole"]
[Black "Titschert, Julian"]
[Result "1/2-1/2"]
[WhiteElo "1950"]
[BlackElo "1812"]
[PlyCount "95"]
[EventDate "2018.??.??"]

1. Nf3 Nf6 2. d4 g6 3. Bf4 Bg7 4. e3 d6 5. h3 c6 6. Nbd2 Nbd7 7. Be2 O-O 8. O-O
Re8 9. c3 e5 10. Bh2 a5 11. Nc4 e4 12. Nfd2 d5 13. Nd6 Re6 14. c4 Bf8 15. Nxc8
Rxc8 16. Rc1 Bd6 17. Bxd6 Rxd6 18. Qb3 Re6 19. Rfd1 Qb6 20. cxd5 Nxd5 21. Bc4
a4 22. Qxa4 N7f6 23. Qb3 Qd8 24. Qc2 Qe7 25. Nb3 b6 26. a3 Rd8 27. Rd2 Nh5 28.
Be2 Nhf4 29. Bf1 Nh5 30. Re2 f5 31. Nd2 f4 32. exf4 e3 33. Nf3 Nhxf4 34. Rxe3
Nxe3 35. fxe3 Rxe3 36. Qxc6 Ne2+ 37. Bxe2 Rxe2 38. Qc4+ Qe6 39. Qxe6+ Rxe6 40.
Rc4 Red6 41. Rb4 Rc8 42. Rb5 Rc2 43. Rb4 Kg7 44. Rb5 Kf6 45. a4 Ke7 46. b3 Kd8
47. h4 Rb2 48. Ng5 1/2-1/2

[Event "SC Lünen Horstmar 1 - SC Listiger Bauer"]
[Site "Verbandsklasse, Gruppe 3 2017"]
[Date "2018.01.14"]
[Round "5.4"]
[White "Atasoy, Tarik"]
[Black "Ball, Joerg"]
[Result "0-1"]
[WhiteElo "1718"]
[BlackElo "1915"]
[PlyCount "68"]
[EventDate "2018.??.??"]

1. b3 f5 2. Bb2 Nf6 3. g3 g6 4. Bg2 Bg7 5. Nf3 d6 6. O-O e5 7. c4 O-O 8. Qc2
Nc6 9. a3 Qe7 10. d3 h6 11. e3 Nh5 12. Nc3 Qf7 13. Nd5 Be6 14. Nd2 f4 15. exf4
exf4 16. Rae1 Rae8 17. Bxg7 Qxg7 18. Nf3 g5 19. gxf4 g4 20. Nh4 Nd4 21. Qd1 c6
22. Ne3 Nxf4 23. Kh1 Qg5 24. Nf3 gxf3 25. Bxf3 Nh3 26. Bg2 Nxf2+ 27. Rxf2 Rxf2
28. Rg1 Qxe3 29. Be4+ Kf8 30. Qh5 Rf6 31. Qh4 Qf4 32. Qh5 Nf3 33. Rf1 Bg4 34.
Qa5 Qxh2# 0-1

[Event "SC Lünen Horstmar 1 - SC Listiger Bauer"]
[Site "Verbandsklasse, Gruppe 3 2017"]
[Date "2018.01.14"]
[Round "5.5"]
[White "Petri, Norbert"]
[Black "Akcapinar, Yavuz"]
[Result "1/2-1/2"]
[WhiteElo "1870"]
[BlackElo "1740"]
[PlyCount "24"]
[EventDate "2018.??.??"]

1. c4 Nf6 2. Nc3 e6 3. e4 d5 4. cxd5 exd5 5. e5 Ne4 6. Nf3 Nc6 7. d4 Bg4 8. Bb5
a6 9. Bxc6+ bxc6 10. O-O Be7 11. Qa4 Qd7 12. Nxe4 dxe4 1/2-1/2

[Event "SC Lünen Horstmar 1 - SC Listiger Bauer"]
[Site "Verbandsklasse, Gruppe 3 2017"]
[Date "2018.01.14"]
[Round "5.6"]
[White "Hagedorn, Dirk"]
[Black "Jondral, Luis"]
[Result "1-0"]
[WhiteElo "1764"]
[BlackElo "1629"]
[PlyCount "53"]
[EventDate "2018.??.??"]

1. e4 c5 2. d4 cxd4 3. c3 e6 4. cxd4 Nf6 5. Nc3 Bb4 6. Bd3 Nc6 7. Nge2 a6 8.
O-O d6 9. f4 e5 10. Nd5 Bg4 11. Nxb4 Nxb4 12. Qa4+ Nc6 13. d5 b5 14. Qc2 Qb6+
15. Kh1 Nb4 16. Qd2 Nxd3 17. Qxd3 Bxe2 18. Qxe2 O-O 19. Be3 Qb7 20. fxe5 dxe5
21. Rxf6 gxf6 22. Bh6 Kh8 23. Qf3 Qb6 24. Bxf8 Rxf8 25. Rc1 Qa5 26. Qxf6+ Kg8
27. Rc3 1-0

[Event "SC Lünen Horstmar 1 - SC Listiger Bauer"]
[Site "Verbandsklasse, Gruppe 3 2017"]
[Date "2018.01.14"]
[Round "5.7"]
[White "Jurev, Sergej"]
[Black "Steinzen, Johannes"]
[Result "1/2-1/2"]
[WhiteElo "1824"]
[BlackElo "1760"]
[Annotator "Daniel"]
[PlyCount "72"]
[EventDate "2018.??.??"]

1. d4 f5 2. g3 Nf6 3. Bg2 d5 4. c4 e6 5. Nh3 c6 6. O-O Bd6 7. Bf4 O-O 8. Nd2
Qc7 9. Qc2 Ne4 10. Nf3 Nd7 11. Bxd6 Qxd6 12. Nf4 Ndf6 $11 13. Rad1 Bd7 14. Ne5
Be8 15. f3 Ng5 16. Rfe1 Nf7 17. e4 fxe4 18. fxe4 Nxe5 19. dxe5 Qc5+ 20. Kh1 Ng4
21. Rd2 g5 22. Nd3 Qxc4 23. Qd1 Bh5 24. Bf3 Qxd3 25. Rxd3 Nf2+ 26. Kg2 Nxd1 27.
Bxh5 Nf2 28. Rb3 Nxe4 29. Rxb7 Rab8 30. Bf7+ Kh8 31. Rxa7 Rxb2+ 32. Kg1 Nf2 33.
Bxe6 g4 34. Rf7 Nh3+ 35. Kh1 Nf2+ 36. Kg1 Nh3+ 1/2-1/2

[Event "SC Lünen Horstmar 1 - SC Listiger Bauer"]
[Site "Verbandsklasse, Gruppe 3 2017"]
[Date "2018.01.14"]
[Round "5.8"]
[White "Bostanci, Mehmet"]
[Black "Klink, Thomas"]
[Result "1-0"]
[WhiteElo "1754"]
[BlackElo "1646"]
[PlyCount "71"]
[EventDate "2018.??.??"]

1. d4 d5 2. Bf4 Nf6 3. e3 Bf5 4. Nf3 e6 5. Bd3 Bxd3 6. Qxd3 c6 7. O-O Bd6 8.
Bxd6 Qxd6 9. a3 Nbd7 10. c4 dxc4 11. Qxc4 b5 12. Qc2 Rc8 13. b4 O-O 14. Nbd2
Rfe8 15. Nb3 e5 16. dxe5 Nxe5 17. Nxe5 Rxe5 18. Rfd1 Qb8 19. h3 Qc7 20. Rd4 Rd5
21. Rad1 Rxd4 22. Rxd4 Nd5 23. Qd2 Qe7 24. Na5 g6 25. Nxc6 Rxc6 26. Rxd5 Qc7
27. Rd8+ Kg7 28. Qd4+ Kh6 29. g3 Rc1+ 30. Kg2 Qc6+ 31. Qd5 Qc3 32. Qxf7 Qc6+
33. Qd5 Qc3 34. h4 Qe1 35. Qg5+ Kg7 36. Rd7+ 1-0

[Event "SG Mengede 1 - SV Unser Fritz 1"]
[Site "Verbandsklasse, Gruppe 3 2017"]
[Date "2018.01.14"]
[Round "5.1"]
[White "Mueller, Martin"]
[Black "Borgschulze, Maik"]
[Result "0-1"]
[WhiteElo "2033"]
[BlackElo "2144"]
[PlyCount "60"]
[EventDate "2018.??.??"]

1. e4 e6 2. d4 d5 3. Nc3 Bb4 4. e5 c5 5. Bd2 Ne7 6. a3 Bxc3 7. Bxc3 Nbc6 8. Nf3
Qb6 9. Be2 Nf5 10. dxc5 Qxc5 11. g4 Nfe7 12. Rg1 Bd7 13. Qd2 a5 14. Rd1 a4 15.
h4 O-O-O 16. Rg3 h5 17. Ng5 Be8 18. Bb4 Qb6 19. Rc3 Kb8 20. Bd6+ Ka8 21. Rc5
Rxd6 22. Rb5 Qd8 23. exd6 Qxd6 24. Ne4 Qe5 25. Qe3 Nc8 26. Nc5 Qxe3 27. fxe3
Nd6 28. Rb6 hxg4 29. Nxa4 Rxh4 30. Kd2 Rh2 0-1

[Event "SG Mengede 1 - SV Unser Fritz 1"]
[Site "Verbandsklasse, Gruppe 3 2017"]
[Date "2018.01.14"]
[Round "5.2"]
[White "Pauling, Markus"]
[Black "Jungbluth, Michael"]
[Result "1-0"]
[WhiteElo "2141"]
[BlackElo "1856"]
[PlyCount "119"]
[EventDate "2018.??.??"]

1. e4 d6 2. Nc3 Nf6 3. f4 g6 4. Nf3 Bg7 5. Be2 c5 6. O-O Nc6 7. d3 O-O 8. Qe1
Rb8 9. a4 a6 10. h3 b5 11. axb5 axb5 12. Qh4 Nb4 13. Bd1 e6 14. Be3 Nd7 15. Qf2
d5 16. Bxc5 Nxc5 17. Qxc5 Na6 18. Qf2 dxe4 19. dxe4 Bxc3 20. bxc3 Qc7 21. Qe3
Nc5 22. Be2 Bb7 23. Bd3 Rfd8 24. Rfd1 Na4 25. Bxb5 Rxd1+ 26. Rxd1 Nxc3 27. Rd7
Qc8 28. Rxb7 Rxb7 29. Bd3 Rb1+ 30. Kh2 Nd1 31. Qd4 Qc7 32. Kg3 h5 33. Ne5 h4+
34. Kxh4 f6 35. Ng4 Qxf4 36. Qd8+ Kf7 37. Qd7+ Kf8 38. Qxe6 Ne3 39. Qxf6+ Qxf6+
40. Nxf6 Kg7 41. e5 Nxg2+ 42. Kg5 Re1 43. Ng4 Ne3 44. Bxg6 Nxg4 45. hxg4 Rxe5+
46. Bf5 Rc5 47. Kf4 Rc4+ 48. Be4 Rc5 49. g5 Rc4 50. Ke3 Rc7 51. Kd4 Ra7 52. c4
Ra1 53. c5 Rc1 54. c6 Rd1+ 55. Bd3 Rc1 56. Kd5 Rd1 57. Kc4 Rg1 58. g6 Rc1+ 59.
Kb5 Rc3 60. Bc4 1-0

[Event "SG Mengede 1 - SV Unser Fritz 1"]
[Site "Verbandsklasse, Gruppe 3 2017"]
[Date "2018.01.14"]
[Round "5.3"]
[White "Distelrath, Oliver"]
[Black "Delvos, Thorsten"]
[Result "1/2-1/2"]
[WhiteElo "1892"]
[BlackElo "1971"]
[PlyCount "54"]
[EventDate "2018.??.??"]

1. e4 c5 2. Nc3 Nc6 3. f4 g6 4. Nf3 Bg7 5. Be2 e6 6. O-O Nge7 7. Qe1 O-O 8. d3
Nd4 9. Bd1 a6 10. Nxd4 cxd4 11. Nb1 d6 12. Nd2 Bd7 13. b3 b5 14. Nf3 a5 15. Qh4
Nc6 16. Qh3 a4 17. Bd2 axb3 18. cxb3 Qe7 19. Qg3 Kh8 20. Qe1 f5 21. e5 dxe5 22.
fxe5 h6 23. h4 f4 24. Qe4 Rf5 25. Bxf4 Raf8 26. Bg3 Qc5 27. Be2 Qa7 1/2-1/2

[Event "SG Mengede 1 - SV Unser Fritz 1"]
[Site "Verbandsklasse, Gruppe 3 2017"]
[Date "2018.01.14"]
[Round "5.4"]
[White "Weinert, Christian"]
[Black "Goessling, Juergen"]
[Result "1-0"]
[WhiteElo "1959"]
[BlackElo "1749"]
[PlyCount "69"]
[EventDate "2018.??.??"]

1. c4 g6 2. g3 d6 3. Bg2 Nh6 4. Nc3 c6 5. d3 f6 6. e4 Nf7 7. Nge2 Bg7 8. O-O
O-O 9. f4 e6 10. Be3 Qc7 11. Rb1 Nd7 12. b4 e5 13. a4 Re8 14. f5 Nf8 15. g4 Bd7
16. Qd2 Reb8 17. b5 Qd8 18. Rb2 b6 19. Rfb1 g5 20. Bf3 Qc8 21. Ng3 Nd8 22. Nh5
Nb7 23. d4 Na5 24. Be2 cxb5 25. cxb5 Nc4 26. Bxc4+ Qxc4 27. Rb4 Qc8 28. Rc1 Qd8
29. Nd5 Rc8 30. Rbc4 Rxc4 31. Rxc4 a6 32. Qb4 axb5 33. axb5 Be8 34. Nxg7 Kxg7
35. Rc7+ 1-0

[Event "SG Mengede 1 - SV Unser Fritz 1"]
[Site "Verbandsklasse, Gruppe 3 2017"]
[Date "2018.01.14"]
[Round "5.5"]
[White "Tober, Julian"]
[Black "Bork, Sophie"]
[Result "0-1"]
[WhiteElo "1731"]
[BlackElo "1888"]
[PlyCount "74"]
[EventDate "2018.??.??"]

1. e4 e5 2. Nf3 Nc6 3. d4 exd4 4. Bc4 Be7 5. c3 Na5 6. Qxd4 Nxc4 7. Qxc4 d6 8.
O-O Nf6 9. Bf4 O-O 10. Re1 Be6 11. Qd3 Nd7 12. Nbd2 Nc5 13. Qc2 Qd7 14. a4 a5
15. e5 Bf5 16. Qd1 Nd3 17. exd6 Nxe1 18. Ne5 Qxd6 19. Qxe1 Rfe8 20. Ndc4 Qe6
21. Ne3 Bd6 22. Nf3 Bxf4 23. Nd4 Qd7 24. Ndxf5 Bxe3 25. Nxe3 Rad8 26. h3 h6 27.
Qe2 Qd3 28. Qh5 b6 29. Qh4 Qe4 30. Qg3 Qe5 31. Qg4 Re6 32. Qc4 Red6 33. Rb1 Rd2
34. Ng4 Rd1+ 35. Rxd1 Rxd1+ 36. Qf1 Rxf1+ 37. Kxf1 Qe8 0-1